书目信息 |
| 题名: |
基于MATLAB的化学及环境信息可视化技术
|
|
| 作者: | 许国根 编著 | |
| 分册: | ||
| 出版信息: | 北京 清华大学出版社 2010.08 |
|
| 页数: | 203页 | |
| 开本: | 26cm | |
| 丛书名: | ||
| 单 册: | ||
| 中图分类: | TP391.75 | |
| 科图分类: | ||
| 主题词: | 计算机辅助计算--ji suan ji fu zhu ji suan--软件包--应用--化学 | |
| 电子资源: | ||
| ISBN: | 978-7-302-22816-5 | |
| 000 | 00909nam0 2200277 450 | |
| 001 | B00000078151 | |
| 005 | 20110714132914.04 | |
| 010 | @a978-7-302-22816-5@dCNY28.00 | |
| 100 | @a20101013d2010 km y0chiy50 ea | |
| 101 | 0 | @achi |
| 102 | @aCN@b110000 | |
| 105 | @aak a 000yy | |
| 106 | @ar | |
| 200 | 1 | @a基于MATLAB的化学及环境信息可视化技术@Aji yuM ATLAB de hua xue ji huan jing xin xi ke shi hua ji shu@f许国根编著 |
| 210 | @a北京@c清华大学出版社@d2010.08 | |
| 215 | @a203页@c图@d26cm | |
| 320 | @a有书目 | |
| 330 | @a本书包括MATLAB图形技术、MATLAB图像技术、虚拟现实等内容。 | |
| 333 | @a可作为高等院校化学、环境专业学生的计算机及软件学习的教材。 | |
| 586 | @a | |
| 606 | 0 | @a计算机辅助计算@Aji suan ji fu zhu ji suan@x软件包@x应用@x化学 |
| 610 | 0 | @aMatlab@AMatlab |
| 690 | @aTP391.75@v5 | |
| 701 | 0 | @a许国根@Axu guo gen@4编著 |
| 801 | 0 | @aCN@c20110610 |
| 905 | @dTP391.75@eX862@f3 | |
| 基于MATLAB的化学及环境信息可视化技术/许国根编著.-北京:清华大学出版社,2010.08 |
| 203页:图;26cm |
| 使用对象:可作为高等院校化学、环境专业学生的计算机及软件学习的教材。 |
| ISBN 978-7-302-22816-5:CNY28.00 |
| 本书包括MATLAB图形技术、MATLAB图像技术、虚拟现实等内容。 |
| ● |
| 相关链接 |
|
|
|
正题名:基于MATLAB的化学及环境信息可视化技术
索取号:TP391.75/X862
 
预约/预借
| 序号 | 登录号 | 条形码 | 馆藏地/架位号 | 状态 | 备注 |
| 1 | 883369 | 208833690 | 自科库301/301自科库 113排2列1层/ [索取号:TP391.75/X862] | 在馆 | |
| 2 | 883370 | 208833707 | 自科二线404/404自科库 17排2列4层/ [索取号:TP391.75/X862] | 在馆 | |
| 3 | 883371 | 208833716 | 自科库301/301自科库 113排2列1层/ [索取号:TP391.75/X862] | 在馆 |